000 02784ncm2a2200469 4500
001 RU\NLR\ONIZ\216128
005 20260628170251.0
013 _a979-0-706364-24-7
021 _aRU
_b11-272н
_911-23н
035 _a(NLR Aleph) 011338477
071 2 0 _aDSCH
090 _a13740067
_c13740067
100 _a20131111d2011 |||y0rusy50 ca
101 0 _aeng
_arus
125 _aax
128 _abt
145 0 _ab
200 1 _aЗолотой век
_dThe golden age
_eбалет в 3 д. 6 картинах
_eсоч. 22
_hД. 1-е и 2-е
_fлибр. А. Ивановского
_gобщ. ред. и пояснит. ст. М. Якубова
_zeng
208 _aПартитура
210 _d2011
215 _a493 с.
225 1 _aНовое собрание сочинений
_eв 150 т.
_hСер. 4
_iСочинения для музыкального театра
_vт.60 а
461 0 _1001RU\NLR\ONIZ\197530
_12001#$aНовое собрание сочинений$eв 150 т.$dNew collected works$ein 150 vol.$zeng$fД. Шостакович$gобщ. ред. М. Якубова$v
_1700#1$9z04790$aШостакович$bД. Д.$gДмитрий Дмитриевич$f1906-1975$4230$7ca
_99725507
_aШостакович, Д. Д. (1906-1975)
_cМосква
_dcop. 2000-
_fД. Шостакович
_lNew collected works
_nDSCH
_oв 150 т. : in 150 vol.
_tНовое собрание сочинений
462 0 _1001RU\NLR\ONIZ\197564
_12001#$aСочинения для музыкального театра$dCompositions for the stage$zeng$vТ.60 а
_99725656
_d2008-
_lCompositions for the stage
_tНовое собрание сочинений. - Сочинения для музыкального театра
_vТ.60 а
606 1 _aБалеты русские советские
_yРоссия
_z20 в.
_jНоты
_2nlr_sh
606 1 _aСоветский балет
_yСССР
_z20 в.
_jНоты
_2nlr_sh
606 1 _aСоветский русский балет
_yСССР
_z20 в.
_jНоты
_2nlr_sh
606 1 _aРоссийский балет
_yРоссия
_z20 в.
_jНоты
_2nlr_sh
608 _aБалет
_xНоты
_yРоссия
_z20 в.
_2nlr_sh
686 _aЩ972(2)П
_vLBC/SL
_2rubbk
702 1 _6z01790
_aИвановский
_bА. В.
_f1881-1968
_gАлександр Викторович
_4480
702 1 _6z02790
_aЯкубов
_bМ. А.
_f1936-
_gМанашир Абрамович
_4340
_4080
790 1 _6z01702
_aIvanovskij
_bA.
_f1881-1968
_gAleksandr
_4480
790 1 _6z02702
_aYakubov
_bM.
_f1936-
_gManashir
_4340
_4080
801 0 _aRU
_bNLR
_c20161216
_gPSBO
801 1 _aRU
_bNLR
_c20161216
_2rusmarc
801 2 _aRU
_bNLR
_c20220607
852 _aNLR
_jМ 950-3/Ш.799(60а)
_mМОЭ 2011-23н/272н
_t1
942 _cISSUE
980 _aONIZ
980 _aNB